000 00452nam a22001457a 4500
005 20251108171841.0
008 250721s1984 xx 000 0 ara d
082 1 4 _aم/035/معر
245 1 0 _aالمعرفة :
_bأكمل و أجمل موسوعة علمية بالألوان /
264 1 _aجنيف :
_bشركة ترادكسيم،
_c1984.
300 _a21ج : مص
650 1 7 _aموسوعات إيطاليا
942 _2ddc
_cREF
999 _c64238
_d64238